Country Flag-Shapes that start with “C” - Statistics

General Stats
  • This quiz has been taken 94 times
    70 since last reset
  • The average score is 15 of 16
Answer Stats
Picture Answer % Correct
Canada
100%
Cambodia
98%
Cameroon
98%
Chad
93%
Chile
93%
China
93%
Colombia
93%
Croatia
93%
Cyprus
93%
Cuba
91%
Czech Republic
91%
Central African Republic
89%
Costa Rica
89%
Cape Verde
85%
Comoros
85%
Côte d'Ivoire
85%
No matching quizzes found
Score Distribution
Percent of People with Each Score
Percentile by Number Answered
Your Score History
You have not taken this quiz since the last reset